000
00308nam a2200133Ia 4500
008
150201s2014 xx 000 0 und d
082
_a
615
_b
D2014S
100
_a
SHARMA ,H.L
245
_a
DENTAL PHARMACOLOGY
250
_a
2ND
260
_b
PARAS PUBLICATION
650
_a
PHARMACOLOGY
942
_2
ddc
_c
BK
_0
2
999
_c
4898
_d
4898